Statistics for Spanish Words for Jobs

Click here to take the quiz!

General Stats

  • This quiz has been taken 19,258 times
    (10,317 since last reset)
  • The average score is 13 of 27

Answer Stats

EnglishEspañol% Correct
doctormédico
89%
teacherprofesor
84%
mechanicmecánico
67%
lawyer abogado
64%
politicianpolítico
60%
pilotpiloto
59%
secretarysecretario
58%
singercantante
57%
writerescritor
52%
waitermesero
49%
fishermanpescador
48%
firefighterbombero
47%
cookcocinero
47%
soldiersoldado
46%
veterinarianveterinario
44%
architectarquitecto
41%
judgejuez
40%
employeeempleado
39%
nurseenfermero
39%
engineeringeniero
39%
driverconductor
38%
sailormarinero
38%
psychologistpsicólogo
38%
journalistperiodista
37%
scientistcientífico
34%
hairdresserpeluquero
33%
accountantcontador
29%

Score Distribution

Percentile by Number Answered

Percent of People with Each Score

Your Score History

You have not taken this quiz since the last reset